Economía / (Registro nro. 5568)

Detalles MARC
000 -LEADER
fixed length control field 00950nam a2200265Ia 4500
003 - CONTROL NUMBER IDENTIFIER
control field OSt
005 - DATE AND TIME OF LATEST TRANSACTION
control field 20200519162429.0
008 - FIXED-LENGTH DATA ELEMENTS--GENERAL INFORMATION
fixed length control field 191128s1968 ck ad gr 000 0 spa d
040 ## - CATALOGING SOURCE
Original cataloging agency CO-JMCR
Transcribing agency CO-JMCR
041 0# - LANGUAGE CODE
Language code of text/sound track or separate title spa
082 04 - DEWEY DECIMAL CLASSIFICATION NUMBER
Classification number 330 /
Item number G633e
Edition number 23
100 1# - MAIN ENTRY--PERSONAL NAME
Personal name Gomez Arrubla, Fabio,
Relator term autor
9 (RLIN) 4520
245 10 - TITLE STATEMENT
Title Economía /
Statement of responsibility, etc. Fabio Gomez Arrubla
250 ## - EDITION STATEMENT
Edition statement Primera edición
260 ## - PUBLICATION, DISTRIBUTION, ETC.
Place of publication, distribution, etc. Manizales :
Name of publisher, distributor, etc. Talleres de tipografía V. y Co.,
Date of publication, distribution, etc. 1968
300 ## - PHYSICAL DESCRIPTION
Extent 586 páginas :
Other physical details gráficos a blanco y negro ;
Dimensions 23 cm.
500 ## - GENERAL NOTE
General note "Introducción a la economía"-- Tapa
505 0# - FORMATTED CONTENTS NOTE
Formatted contents note Metodología -- Macroeconomía -- Microeconomía -- Los factores básicos -- Economía internacional
650 14 - SUBJECT ADDED ENTRY--TOPICAL TERM
Topical term or geographic name entry element Economía colombiana
9 (RLIN) 4521
650 14 - SUBJECT ADDED ENTRY--TOPICAL TERM
Topical term or geographic name entry element Economía internacional
9 (RLIN) 2221
650 14 - SUBJECT ADDED ENTRY--TOPICAL TERM
Topical term or geographic name entry element Macroeconomía
Geographic subdivision Colombia
9 (RLIN) 4522
650 14 - SUBJECT ADDED ENTRY--TOPICAL TERM
Topical term or geographic name entry element Microeconomía
Geographic subdivision Colombia
9 (RLIN) 4523
650 14 - SUBJECT ADDED ENTRY--TOPICAL TERM
Topical term or geographic name entry element Historia económica
Geographic subdivision Colombia
9 (RLIN) 4524
942 ## - ADDED ENTRY ELEMENTS (KOHA)
Source of classification or shelving scheme Dewey Decimal Classification
Koha item type Books
Existencias
Withdrawn status Lost status Source of classification or shelving scheme Damaged status Not for loan Collection code Home library Current library Date acquired Source of acquisition Cost, normal purchase price Total Checkouts Full call number Barcode Date last seen Date last checked out Copy number Koha item type
    Dewey Decimal Classification     Non-fiction Biblioteca Pública José María del Castillo y Rada Biblioteca Pública José María del Castillo y Rada 04/15/2018 Donación 0.00 1 330 / G633e 430002229 08/28/2024 08/27/2024 Ej.1 Books